Lịch sử Việt Nam trước thế kỉ 6 ; Q1; T1

保存先:
書誌詳細
第一著者: Trương Hữu Quýnh
フォーマット: 図書
言語:Undetermined
出版事項: Hà Nội Giáo dục 1971
主題:
タグ: タグ追加
タグなし, このレコードへの初めてのタグを付けませんか!
Thư viện lưu trữ: Trung tâm Học liệu Trường Đại học Cần Thơ
LEADER 00525nam a2200169Ia 4500
001 CTU_11024
008 210402s9999 xx 000 0 und d
082 |a 959.74 
082 |b Qu609/T1/1970 
100 |a Trương Hữu Quýnh 
245 0 |a Lịch sử Việt Nam trước thế kỉ 6 ; Q1; T1 
245 0 |c Trương Hữu Quýnh 
260 |a Hà Nội 
260 |b Giáo dục 
260 |c 1971 
650 |a feudalism,vietnam - history 
980 |a Trung tâm Học liệu Trường Đại học Cần Thơ